000 00735nam a2200265 i 4500
001 C2-0247058
003 PPAK
005 20180727211709.0
008 030325s2003 my a|||| ||||| | may d
020 _a9832505534
040 _aPPAK
_beng
_cPPAK
_erda
082 0 4 _a499.2386
_223
090 0 0 _a499.2386
_bJAF
_dK
100 0 _aJaffry Mahidin,
_eauthor
245 1 0 _aMisteri rumah tumpangan
264 1 _aKuala Lumpur :
_bPenerbit Wawasan Didik ,
_c2003
300 _a78 pages :
_billustrations ;
_c18 cm
336 _2rdacontent
_atext
337 _2rdamedia
_aunmediated
338 _2rdacarrier
_avolume
490 1 _aSiri rakan jaguh
650 1 0 _aBahasa Melayu - Readers
830 0 _aSiri rakan jaguh
942 _ddc
_cB
999 _c60947
_d60947